[Event "Landesliga Sued 1920"]
[Site "Bayern"]
[Date "2019.11.24"]
[Round "3.7"]
[White "Schmid, Franz"]
[Black "Daoud, Marcel"]
[Result "1-0"]
[WhiteElo "2194"]
[BlackElo "1977"]
[PlyCount "125"]
[EventDate "2019.09.29"]
[EventType "team-tourn"]
[EventRounds "9"]
[EventCountry "GER"]
[SourceTitle "EXT 2021"]
[Source "ChessBase"]
[SourceDate "2020.10.23"]
[SourceVersion "1"]
[SourceVersionDate "2020.10.23"]
[SourceQuality "1"]
[WhiteTeam "Passau II"]
[BlackTeam "Freising"]
[WhiteTeamCountry "GER"]
[BlackTeamCountry "GER"]

1. e4 e6 2. d4 d5 3. exd5 exd5 4. Nf3 Bg4 5. h3 Bh5 6. Be2 Bd6 7. 0-0 Nf6 8. Ne5 Bxe2 9. Qxe2 0-0 10. Bg5 Re8 11. Qb5 Bxe5 12. dxe5 Rxe5 13. Qxb7 Nbd7 14. Be3 c5 15. Nd2 Re6 16. Qb3 Rb8 17. Qa3 Qc8 18. b3 Qc7 19. Nf3 h6 20. Qc1 Rbe8 21. c3 Ne4 22. Rd1 Ndf6 23. Qc2 g5 24. Rac1 g4 25. hxg4 Nxg4 26. Rxd5 Rf6 27. Qd1 Nexf2 28. Bxf2 Rxf3 29. Rd6 Nxf2 30. Qxf3 Qxd6 31. Qxf2 Qe5 32. Rf1 Qe3 33. c4 Qxf2+ 34. Kxf2 Rd8 35. Ke3 Kg7 36. Rf5 Rc8 37. Ke4 Kg6 38. Re5 Kf6 39. Kf4 Rc6 40. Rd5 Ke7 41. Rh5 Rf6+ 42. Ke5 Rf2 43. Rxh6 Rxa2 44. g4 Ra3 45. Rc6 Kd7 46. Rxc5 Rxb3 47. Ra5 Rb7 48. Ra6 Rc7 49. Kd5 Ke7 50. c5 Kd8 51. c6 Re7 52. Ra3 Kc8 53. Ra4 Kd8 54. g5 Kc8 55. Rh4 Kc7 56. Rh7 Kd8 57. Rh8+ Kc7 58. Ra8 a5 59. Ra7+ Kd8 60. Rxa5 Re1 61. Ra8+ Ke7 62. c7 Rd1+ 63. Ke4 1-0

[Event "Landesliga Sued 1819"]
[Site "Bayern"]
[Date "2019.02.24"]
[Round "7.6"]
[White "Demel, Paul"]
[Black "Daoud, Marcel"]
[Result "1-0"]
[WhiteElo "2045"]
[BlackElo "1962"]
[PlyCount "67"]
[EventDate "2018.10.21"]
[EventType "team-tourn"]
[EventRounds "9"]
[EventCountry "GER"]
[SourceTitle "EXT 2022"]
[Source "ChessBase"]
[SourceDate "2021.10.06"]
[SourceVersion "1"]
[SourceVersionDate "2021.10.06"]
[SourceQuality "1"]
[WhiteTeam "Kriegshaber SK"]
[BlackTeam "Freising SK"]
[WhiteTeamCountry "GER"]
[BlackTeamCountry "GER"]

1. Nf3 c5 2. c4 Nc6 3. d4 cxd4 4. Nxd4 Nf6 5. Nc3 g6 6. g3 Bg7 7. Bg2 Nxd4 8. Qxd4 0-0 9. 0-0 d6 10. Qd3 Bf5 11. e4 Be6 12. Bd2 Nd7 13. b3 a6 14. Rac1 Qb8 15. Nd5 Bxd5 16. cxd5 Nc5 17. Qe2 a5 18. h4 Qa7 19. h5 Qa6 20. Qxa6 Rxa6 21. hxg6 hxg6 22. Be3 Bb2 23. Rc2 Ba3 24. Rb1 Rb6 25. Bf1 Rc8 26. f3 a4 27. Bc4 Ra8 28. Bd4 f6 29. Rh2 Kg7 30. Kg2 Rh8 31. Rxh8 Kxh8 32. Bc3 Bb4 33. bxa4 Ba5 34. Rh1+ 1-0

[Event "Landesliga Sued 1819"]
[Site "Bayern"]
[Date "2018.12.16"]
[Round "4.7"]
[White "Klenk, Robert"]
[Black "Daoud, Marcel"]
[Result "1-0"]
[WhiteElo "2000"]
[BlackElo "1962"]
[PlyCount "93"]
[EventDate "2018.10.21"]
[EventType "team-tourn"]
[EventRounds "9"]
[EventCountry "GER"]
[SourceTitle "EXT 2022"]
[Source "ChessBase"]
[SourceDate "2021.10.06"]
[SourceVersion "1"]
[SourceVersionDate "2021.10.06"]
[SourceQuality "1"]
[WhiteTeam "Muenchen Tarrasch"]
[BlackTeam "Freising SK"]
[WhiteTeamCountry "GER"]
[BlackTeamCountry "GER"]

1. e4 c5 2. Nf3 g6 3. d4 cxd4 4. Qxd4 Nf6 5. Nc3 Nc6 6. Qa4 d6 7. e5 Nd7 8. exd6 Nc5 9. Qh4 Bf5 10. Be3 exd6 11. Bg5 Be7 12. Bxe7 Qxe7+ 13. Qxe7+ Nxe7 14. Bb5+ Kf8 15. 0-0-0 a6 16. Be2 Rd8 17. Nd4 Ne4 18. Nxe4 Bxe4 19. Bf3 Bxf3 20. Nxf3 Kg7 21. Rhe1 Nc6 22. c4 f6 23. Re6 Kf7 24. Rexd6 Rxd6 25. Rxd6 Ke7 26. Rd2 Rc8 27. b3 Rc7 28. Kb2 b6 29. h3 Ke6 30. Nd4+ Nxd4 31. Rxd4 Ke7 32. Rd5 Rc6 33. a3 Re6 34. Kc3 Re2 35. Rd2 Re5 36. Rd3 Rc5 37. b4 Rg5 38. g4 Re5 39. Re3 Kd6 40. Kd4 h5 41. Rxe5 fxe5+ 42. Ke4 Ke6 43. gxh5 gxh5 44. c5 bxc5 45. bxc5 a5 46. a4 h4 47. f3 1-0

[Event "Landesliga Sued 1819"]
[Site "Bayern"]
[Date "2018.10.21"]
[Round "1.7"]
[White "Daoud, Marcel"]
[Black "Jergler, Karl Heinz"]
[Result "1/2-1/2"]
[WhiteElo "1962"]
[BlackElo "2015"]
[PlyCount "64"]
[EventDate "2018.10.21"]
[EventType "team-tourn"]
[EventRounds "9"]
[EventCountry "GER"]
[SourceTitle "EXT 2022"]
[Source "ChessBase"]
[SourceDate "2021.10.06"]
[SourceVersion "1"]
[SourceVersionDate "2021.10.06"]
[SourceQuality "1"]
[WhiteTeam "Freising SK"]
[BlackTeam "Rottal Inn"]
[WhiteTeamCountry "GER"]
[BlackTeamCountry "GER"]

1. e4 c5 2. Nc3 Nc6 3. f4 g6 4. Nf3 Bg7 5. Bb5 Nd4 6. 0-0 e6 7. d3 Ne7 8. Nxd4 cxd4 9. Ne2 0-0 10. Bd2 d6 11. Ba4 Bd7 12. Bb3 Nc6 13. f5 exf5 14. Ng3 f4 15. Bxf4 Be6 16. Qd2 Bxb3 17. axb3 Qd7 18. Bh6 f6 19. Rf2 Rf7 20. Bxg7 Kxg7 21. Raf1 Raf8 22. Qf4 Qe6 23. h4 Qe5 24. Qg4 h5 25. Qh3 Ne7 26. Ne2 d5 27. Nf4 f5 28. Re2 dxe4 29. dxe4 Kh6 30. exf5 Qxf5 31. Ref2 Qxh3 32. Nxh3 Rxf2 1/2-1/2

[Event "Regionalliga Sued-Ost 1718"]
[Site "Bayern"]
[Date "2018.02.04"]
[Round "6.7"]
[White "Nakamura, Lukas Mikio"]
[Black "Daoud, Marcel"]
[Result "1-0"]
[WhiteElo "1863"]
[BlackElo "1950"]
[PlyCount "95"]
[EventDate "2017.10.22"]
[EventType "team-tourn"]
[EventRounds "9"]
[EventCountry "GER"]
[SourceTitle "EXT 2022"]
[Source "ChessBase"]
[SourceDate "2021.10.06"]
[SourceVersion "1"]
[SourceVersionDate "2021.10.06"]
[SourceQuality "1"]
[WhiteTeam "Groebenzell II"]
[BlackTeam "Freising SK"]
[WhiteTeamCountry "GER"]
[BlackTeamCountry "GER"]

1. e4 c5 2. Nf3 g6 3. d4 cxd4 4. Nxd4 Nc6 5. Be3 Nf6 6. Nc3 Bg7 7. Bc4 0-0 8. Bb3 a5 9. a3 Ng4 10. Qxg4 Nxd4 11. Bxd4 Bxd4 12. Qg3 d6 13. 0-0 Be6 14. Bxe6 fxe6 15. Rab1 Rc8 16. Ne2 Bg7 17. Qb3 Qd7 18. c3 Kh8 19. Nd4 Rf6 20. Rfd1 e5 21. Nf3 Rf4 22. Rd5 Rxe4 23. Rxa5 Rec4 24. Rb5 R8c7 25. Rd1 R4c5 26. Rxc5 Rxc5 27. Qb4 Qb5 28. Ng5 Rd5 29. Qxb5 Rxd1+ 30. Qf1 Rxf1+ 31. Kxf1 Bh6 32. Nf7+ Kg7 33. Nxh6 Kxh6 34. a4 Kg7 35. b4 Kf7 36. a5 Ke8 37. b5 Kd7 38. c4 e6 39. Ke2 Kc7 40. Kd3 b6 41. a6 d5 42. cxd5 exd5 43. f4 exf4 44. Kd4 g5 45. Kxd5 h5 46. Ke4 Kb8 47. Kf5 h4 48. h3 1-0

[Event "Berlin Lichtenberger op 16th"]
[Site "Berlin"]
[Date "2017.08.22"]
[Round "4"]
[White "Woinowski, Michael"]
[Black "Daoud, Marcel"]
[Result "0-1"]
[WhiteElo "1761"]
[BlackElo "1928"]
[PlyCount "52"]
[EventDate "2017.08.19"]
[EventType "swiss"]
[EventRounds "9"]
[EventCountry "GER"]
[SourceTitle "CBM 180 Extra"]
[Source "ChessBase"]
[SourceDate "2017.10.06"]
[SourceVersion "1"]
[SourceVersionDate "2017.10.06"]
[SourceQuality "1"]

1. e4 c5 2. Nc3 g6 3. f4 Bg7 4. Nf3 Nc6 5. Bb5 Nd4 6. 0-0 e6 7. a4 Ne7 8. e5 a6 9. Be2 d5 10. d3 0-0 11. Be3 Nxf3+ 12. Bxf3 d4 13. Ne4 dxe3 14. g4 Rb8 15. Qe2 b6 16. Nd6 g5 17. Qxe3 Ng6 18. Be4 gxf4 19. Qh3 Bxe5 20. Bxg6 fxg6 21. Ne4 Bd4+ 22. Kh1 Bb7 23. Qh6 Bxe4+ 24. dxe4 Qf6 25. g5 Qe5 26. Rae1 f3 0-1

[Event "Landesliga Sued 1617"]
[Site "Bayern"]
[Date "2017.03.19"]
[Round "7.8"]
[White "Tauber, Rainer"]
[Black "Daoud, Marcel"]
[Result "1/2-1/2"]
[WhiteElo "1904"]
[BlackElo "1964"]
[PlyCount "102"]
[EventDate "2016.10.16"]
[EventType "team-tourn"]
[EventRounds "9"]
[EventCountry "GER"]
[SourceTitle "EXT 2019"]
[Source "ChessBase"]
[SourceDate "2018.10.10"]
[SourceVersion "1"]
[SourceVersionDate "2018.10.10"]
[SourceQuality "1"]
[WhiteTeam "Deggendorf"]
[BlackTeam "Freising"]
[WhiteTeamCountry "GER"]
[BlackTeamCountry "GER"]

1. e4 c5 2. Nf3 g6 3. d4 cxd4 4. Qxd4 Nf6 5. Nc3 Nc6 6. Qa4 d5 7. exd5 Nxd5 8. Bb5 Qd6 9. Nxd5 Qxd5 10. Be3 Bd7 11. Rd1 Qf5 12. Rxd7 Kxd7 13. Nd4 Qd5 14. 0-0 Kc7 15. c4 Qe4 16. Nxc6 bxc6 17. Qa5+ Kd7 18. Rd1+ Ke6 19. Qa6 Rd8 20. Re1 Kf6 21. Bxc6 Rd6 22. Bxe4 Rxa6 23. Bd4+ e5 24. Bxe5+ Kxe5 25. Bb7+ Kd6 26. Bxa6 Bg7 27. b3 Bf6 28. g3 h6 29. Rd1+ Kc7 30. Bb5 Rd8 31. Rxd8 Kxd8 32. Kg2 Be7 33. f4 f6 34. Kf3 Bc5 35. f5 g5 36. Kg4 Bg1 37. h3 Bf2 38. h4 gxh4 39. gxh4 a5 40. Kh5 Be1 41. a3 Ke7 42. c5 Bd2 43. Bc4 Bc1 44. c6 Bf4 45. Be6 Kd6 46. Bd7 Bg3 47. b4 axb4 48. axb4 Kc7 49. Kxh6 Bxh4 50. Kg6 Bg5 51. Be8 Bh4 1/2-1/2

[Event "Landesliga U20 Nord 1516"]
[Site "Bayern"]
[Date "2015.12.19"]
[Round "3.1"]
[White "Daoud, Marcel"]
[Black "Oberhofer, Cedric"]
[Result "0-1"]
[WhiteElo "1948"]
[BlackElo "2031"]
[PlyCount "116"]
[EventDate "2015.11.21"]
[EventType "team-tourn"]
[EventRounds "7"]
[EventCountry "GER"]
[SourceTitle "EXT 2022"]
[Source "ChessBase"]
[SourceDate "2021.10.06"]
[SourceVersion "1"]
[SourceVersionDate "2021.10.06"]
[SourceQuality "1"]
[WhiteTeam "Freising SK U20"]
[BlackTeam "Bavaria Regensburg U20"]
[WhiteTeamCountry "GER"]
[BlackTeamCountry "GER"]

1. e4 c5 2. Nc3 Nc6 3. f4 g6 4. Nf3 Bg7 5. Bb5 Nd4 6. 0-0 Nh6 7. f5 gxf5 8. d3 Nxb5 9. Nxb5 a6 10. Bxh6 Bxh6 11. Nc3 d6 12. Qe2 f4 13. Nh4 e6 14. Nf3 e5 15. Nd5 Be6 16. Qf2 0-0 17. c4 Bxd5 18. cxd5 Bg5 19. g4 Be7 20. Kh1 Kh8 21. Rg1 Rg8 22. Qg2 Rg6 23. Qh3 Qd7 24. Qh5 Qb5 25. Rad1 Qxb2 26. Rg2 Qb5 27. g5 Rag8 28. Nh4 Rxg5 29. Rxg5 Rxg5 30. Qxf7 Rg7 31. Qh5 Bxh4 32. Qxh4 Qe8 33. Rg1 Rxg1+ 34. Kxg1 Qf8 35. Kf2 b5 36. Qg4 Qd8 37. h4 c4 38. h5 c3 39. h6 Qf8 40. Qd7 b4 41. Qc7 Qxh6 42. Qd8+ Kg7 43. Qe7+ Kg8 44. Qd8+ Qf8 45. Qb6 Qc8 46. Qxd6 c2 47. Qxe5 c1Q 48. Qg5+ Kf8 49. Qf6+ Ke8 50. Qe5+ Kd8 51. Qd6+ Qd7 52. Qb8+ Qcc8 53. Qb6+ Qcc7 54. Qf6+ Qe7 55. Qh8+ Kd7 56. Kf3 Qcc5 57. d4 Qc3+ 58. Kxf4 Qc1+ 0-1

[Event "Landesliga U20 Sued 1415"]
[Site "Bayern"]
[Date "2014.12.13"]
[Round "3.1"]
[White "Daoud, Marcel"]
[Black "Goldbeck, Lars"]
[Result "1/2-1/2"]
[WhiteElo "1948"]
[BlackElo "1930"]
[PlyCount "92"]
[EventDate "2014.11.15"]
[EventType "team-tourn"]
[EventRounds "7"]
[EventCountry "GER"]
[SourceTitle "EXT 2022"]
[Source "ChessBase"]
[SourceDate "2021.10.06"]
[SourceVersion "1"]
[SourceVersionDate "2021.10.06"]
[SourceQuality "1"]
[WhiteTeam "Freising SK U20"]
[BlackTeam "Vaterstetten Grasbrunn U20"]
[WhiteTeamCountry "GER"]
[BlackTeamCountry "GER"]

1. e4 c5 2. Nf3 d6 3. d4 cxd4 4. Nxd4 Nf6 5. Nc3 a6 6. f3 e5 7. Nb3 Be6 8. Be3 Be7 9. Qd2 0-0 10. Be2 Nbd7 11. 0-0 b5 12. a3 Rc8 13. a4 b4 14. Nd5 Nxd5 15. exd5 Bf5 16. Bd3 Bxd3 17. Qxd3 Bg5 18. Bxg5 Qxg5 19. Rf2 a5 20. Nxa5 Nc5 21. Qd2 Qxd2 22. Rxd2 Ra8 23. Nc6 Nxa4 24. b3 Nc3 25. Rxa8 Rxa8 26. Nxb4 e4 27. Kf2 Re8 28. Ke3 f5 29. f4 g5 30. g3 gxf4+ 31. gxf4 Ra8 32. Rg2+ Kf7 33. Rg1 Rb8 34. Kd2 Rxb4 35. Kxc3 Rb5 36. Kd4 Rb4+ 37. Ke3 Rb5 38. Rd1 Rc5 39. Rd2 Rc3+ 40. Kd4 Rf3 41. b4 e3 42. Re2 Rxf4+ 43. Kxe3 Rxb4 44. Kd3 Rb5 45. c4 Ra5 46. Re6 Ra6 1/2-1/2

[Event "GER-chT U12"]
[Site "Schney"]
[Date "2013.12.27"]
[Round "1.1"]
[White "Wiesner, Alexander"]
[Black "Daoud, Marcel"]
[Result "1-0"]
[WhiteElo "1819"]
[BlackElo "1638"]
[PlyCount "115"]
[EventDate "2013.12.27"]
[EventType "team-swiss"]
[EventRounds "7"]
[EventCountry "GER"]
[SourceTitle "EXT 2015"]
[Source "ChessBase"]
[SourceDate "2014.11.20"]
[SourceVersion "1"]
[SourceVersionDate "2014.11.20"]
[SourceQuality "1"]
[WhiteTeam "Karlsruhe"]
[BlackTeam "Freising"]
[WhiteTeamCountry "GER"]
[BlackTeamCountry "GER"]

1. e4 e6 2. d4 d5 3. Nc3 dxe4 4. Nxe4 Bd7 5. Nf3 Bc6 6. Ng3 Nd7 7. c3 Ngf6 8. Bd3 Be7 9. 0-0 0-0 10. Re1 Bxf3 11. Qxf3 c6 12. Bd2 Qc7 13. c4 Nb6 14. Bc3 Rfe8 15. b3 a5 16. Ne4 Nbd7 17. Ng3 Nf8 18. Bc2 Ng6 19. Rac1 Rad8 20. Ne4 Nxe4 21. Bxe4 Bf6 22. Rcd1 Rd7 23. Qh5 Nf8 24. Bxa5 b6 25. Bb4 g6 26. Qf3 Be7 27. Bxe7 Rdxe7 28. Bxc6 Rd8 29. d5 exd5 30. cxd5 Rxe1+ 31. Rxe1 Qd6 32. Qg4 Nd7 33. Bxd7 Rxd7 34. Qd4 Rd8 35. Rd1 Ra8 36. a4 f6 37. h3 Kf7 38. Qc4 Ra5 39. Qe4 b5 40. axb5 Rxb5 41. Qc4 Rc5 42. Qb4 g5 43. Qe4 Kg7 44. g3 h5 45. b4 Rc3 46. Kg2 Rb3 47. Rd4 Rb2 48. Qe6 Qxe6 49. dxe6 Kf8 50. Re4 Ke7 51. h4 gxh4 52. gxh4 Rb3 53. f3 f5 54. Re5 Rxb4 55. Kg3 f4+ 56. Kh3 Rb6 57. Rxh5 Rxe6 58. Rf5 1-0

[Event "Landesliga Sued 1213 U20"]
[Site "Bayern"]
[Date "2013.03.02"]
[Round "6.2"]
[White "Daoud, Marcel"]
[Black "Eichler, Alexander"]
[Result "1-0"]
[WhiteElo "1655"]
[BlackElo "1692"]
[PlyCount "75"]
[EventDate "2012.10.20"]
[EventType "team-tourn"]
[EventRounds "7"]
[EventCountry "GER"]
[SourceTitle "EXT 2020"]
[Source "ChessBase"]
[SourceDate "2019.10.17"]
[SourceVersion "1"]
[SourceVersionDate "2019.10.17"]
[SourceQuality "1"]
[WhiteTeam "Freising SK U20"]
[BlackTeam "Muenchen Tarrasch U20"]
[WhiteTeamCountry "GER"]
[BlackTeamCountry "GER"]

1. e4 c5 2. Nf3 d6 3. d4 cxd4 4. Nxd4 Nf6 5. Nc3 g6 6. f3 Bg7 7. Be3 0-0 8. Qd2 Nc6 9. 0-0-0 Qa5 10. Kb1 Bd7 11. h4 Rfc8 12. Nb3 Qd8 13. g4 Ne5 14. Nd4 Nc4 15. Bxc4 Rxc4 16. h5 Rac8 17. hxg6 fxg6 18. Bh6 Bh8 19. Qg5 Qb6 20. Nb3 Be8 21. f4 Bf7 22. e5 Rxc3 23. bxc3 Ne4 24. Qxe7 Nxc3+ 25. Kb2 dxe5 26. Rd7 Na4+ 27. Ka3 Qe6 28. Rxb7 exf4 29. Re1 Bb2+ 30. Kxa4 Rc4+ 31. Rb4 Qc6+ 32. Ka5 Qd5+ 33. Ka6 Qc6+ 34. Kxa7 Qc7+ 35. Qxc7 Rxc7+ 36. Kb6 Rxc2 37. Rxf4 Bc3 38. Re8+ 1-0

[Event "Landesliga Sued 1213 U20"]
[Site "Bayern"]
[Date "2012.12.01"]
[Round "2.3"]
[White "Bauer, David"]
[Black "Daoud, Marcel"]
[Result "1/2-1/2"]
[WhiteElo "1678"]
[BlackElo "1655"]
[PlyCount "53"]
[EventDate "2012.10.20"]
[EventType "team-tourn"]
[EventRounds "7"]
[EventCountry "GER"]
[SourceTitle "EXT 2020"]
[Source "ChessBase"]
[SourceDate "2019.10.17"]
[SourceVersion "1"]
[SourceVersionDate "2019.10.17"]
[SourceQuality "1"]
[WhiteTeam "Schaibing U20"]
[BlackTeam "Freising SK U20"]
[WhiteTeamCountry "GER"]
[BlackTeamCountry "GER"]

1. e4 e6 2. d4 d5 3. exd5 exd5 4. Bd3 Nc6 5. Ne2 Bd6 6. Nbc3 Nge7 7. Bg5 f6 8. Be3 Be6 9. Qd2 Qd7 10. a3 Bf5 11. Ng3 Bxg3 12. hxg3 Bxd3 13. Qxd3 g6 14. 0-0-0 0-0-0 15. Na4 Qf5 16. Qb5 a6 17. Qb3 Na5 18. Qb4 Nec6 19. Qc3 Nc4 20. Qd3 Ne7 21. Nc5 Qxd3 22. Rxd3 Nf5 23. Bd2 h5 24. Re1 Rhe8 25. Ne6 Rd6 26. Nf4 Rxe1+ 27. Bxe1 1/2-1/2

[Event "Landesliga U20 Sued 1112"]
[Site "Bayern"]
[Date "2012.01.21"]
[Round "4.4"]
[White "Daoud, Marcel"]
[Black "Koehler, Max"]
[Result "0-1"]
[WhiteElo "1360"]
[BlackElo "1615"]
[PlyCount "64"]
[EventDate "2011.11.12"]
[EventType "team-tourn"]
[EventRounds "7"]
[EventCountry "GER"]
[SourceTitle "EXT 2022"]
[Source "ChessBase"]
[SourceDate "2021.10.06"]
[SourceVersion "1"]
[SourceVersionDate "2021.10.06"]
[SourceQuality "1"]
[WhiteTeam "Freising SK U20"]
[BlackTeam "Muenchen Tarrasch U20"]
[WhiteTeamCountry "GER"]
[BlackTeamCountry "GER"]

1. e4 e6 2. d4 d5 3. Nc3 Bb4 4. e5 c5 5. a3 Bxc3+ 6. bxc3 cxd4 7. cxd4 Ne7 8. Qg4 Ng6 9. Nf3 Nc6 10. Bd3 Bd7 11. 0-0 Rc8 12. Bg5 Qc7 13. Nh4 Nxh4 14. Bxh4 g6 15. Bf6 h5 16. Qg5 Rg8 17. Qh6 Ne7 18. Qg5 Nc6 19. Qh6 Ne7 20. Rfc1 Qc3 21. Rab1 Nf5 22. Qf4 Nxd4 23. Rxb7 Qxd3 24. cxd3 Ne2+ 25. Kf1 Nxf4 26. Rxc8+ Bxc8 27. Re7+ Kf8 28. Rxa7 Ke8 29. Re7+ Kf8 30. g3 Nxd3 31. Ke2 Ba6 32. Kd2 Nxf2 0-1